=LDR 00000nam 2200000 4500 =001 INLIS000000000023389 =005 20130612122047 =008 ***********************************Ind** =035 ##$$0010-061300000023389 =041 ##$$a Ind =082 ##$$a 332.3 =090 ##$$a 332.3, Fir m =100 ##$$a Firdaus, Rachmat =245 ##$$a Manajemen perkeriditan bank umum, Teori, masalah, kebijakan dan aplikasinya lengkap dengan analisa kredit =260 ##$$a 2004 $b Bandung =650 ##$$a Bank dan perbankan =850 ##$$a NBPNMAT